| 000 | 00464 a2200157 4500 | ||
|---|---|---|---|
| 020 | _a0849311950 | ||
| 040 |
_aDLC _bDLC |
||
| 082 | 0 | 0 | _a621.3822 |
| 100 | 1 | _aNaidu, Prabhakar S. | |
| 245 | 1 | 0 |
_aSensor array signal processing _cPrabhakar S. Naidu. |
| 260 |
_aBoca Raton, Fla. : _bCRC Press, _cc2001. |
||
| 300 |
_a458 p. : _bill. ; _c24 cm. |
||
| 650 | 0 |
_aSignal processing _xDigital techniques. |
|
| 650 | 0 | _aMultisensor data fusion. | |
| 942 |
_cBK _k621.3822 NAI _2ddc |
||
| 999 |
_c8242 _d8242 |
||